Atlas de anatomía palpatoria del cuello, tronco y extremidad superior: investigación manual de superficie
Saved in:
| Hovedforfatter: | |
|---|---|
| Format: | Bog |
| Sprog: | spansk |
| Udgivet: |
Barcelona
Masson
2000
|
| Udgivelse: | 1a. ed |
| Fag: | |
| Tags: |
Tilføj Tag
Ingen Tags, Vær først til at tagge denne postø!
|
MARC
| LEADER | 00000nam a2200000 a 4500 | ||
|---|---|---|---|
| 001 | UCM2008 | ||
| 003 | CL-VaPUC | ||
| 008 | 020419e20000000SP |||||||||||||||||spa|d | ||
| 020 | |a 8445808478 | ||
| 082 | 0 | 4 | |a 611.9 |b TIX |2 21 |
| 100 | |a Tixa, Serge |e autor |9 468830 | ||
| 245 | 1 | 0 | |a Atlas de anatomía palpatoria del cuello, tronco y extremidad superior: investigación manual de superficie |
| 250 | |a 1a. ed | ||
| 300 | |a 193 p | ||
| 942 | |c BK | ||
| 945 | |d 20020419 00:00:00 |a vberengu | ||
| 260 | |a Barcelona |b Masson |c 2000 | ||
| 650 | 0 | |a Anatomía humana |9 269546 | |
| 650 | 0 | |a Cuello |9 344505 | |
| 650 | 7 | |a OSTEOLOGIA |2 CL-VaPUC |9 383038 | |
| 650 | 7 | |a MIOLOGIA |2 CL-VaPUC |9 383039 | |
| 650 | 7 | |a TRONCO |2 CL-VaPUC |9 372490 | |
| 650 | 7 | |a HOMBRO |2 CL-VaPUC |9 468831 | |
| 650 | 7 | |a BRAZO |2 CL-VaPUC |9 408400 | |
| 650 | 7 | |a CODO |2 CL-VaPUC |9 408401 | |
| 650 | 0 | |a Antebrazo |9 468832 | |
| 650 | 7 | |a MUÑECA |2 CL-VaPUC |9 409895 | |
| 650 | 7 | |a MANO |2 CL-VaPUC |9 407182 | |
| 583 | |a last modification |c 20020419 00:00:00 |k Rodrigo Vera | ||
| 999 | |c 300098 |d 300096 | ||
| 952 | |0 0 |1 0 |4 0 |6 611_900000000000000_TIX_2000 |7 0 |8 A |9 357420 |a BIBCUR |b BIBCUR |d 2019-11-21 |i 1087959 |l 6 |m 5 |o 611.9 TIX 2000 |p 1087959 |r 2025-04-22 |s 2024-06-17 |w 2019-11-21 |y BK |k KIN | ||